000
00271nam a22001217a 4500
008
170828b xxu||||| |||| 00| 0 eng d
041
_a
eng
080
_a
070
100
_a
39
101
_a
MED
245
_a
MEDIA LITERACY AND CULRURE
_c
BARAN.S.J
942
_2
udc
_c
BK
999
_c
25143
_d
25143